| 000 | 00945nam a2200229 i 4500 | ||
|---|---|---|---|
| 001 | 57254 | ||
| 003 | ES-MaACL | ||
| 005 | 20250811070646.0 | ||
| 007 | t| | ||
| 008 | 031015s1967 sp f |||| | spa d | ||
| 080 | _a946"1931/39"(093.2) | ||
| 080 | _a946"1936/39"(093.2) | ||
| 245 | 0 | 4 |
_aLos documentos de la primavera trágica _b: análisis documental de los antecedentes inmediatos del 18 de julio de 1936 / _cintroducción, selección y notas de Ricardo de la Cierva. |
| 260 |
_aMadrid : _bMinisterio de Información y Turismo, _c1967. |
||
| 300 |
_a757 p., [6] h. de lám. ; _c25 cm. |
||
| 651 | 4 |
_aEspaña- _xHistoria- _y1931-1939, II República- _vFuentes. _98289 |
|
| 651 | 4 |
_aEspaña- _xHistoria- _y1936-1939, Guerra civil- _xFuentes. _98305 |
|
| 700 | 1 |
_aCierva, Ricardo de la, _d1926-2015 _938790 |
|
| 710 | 1 |
_aEspaña. _bMinisterio de Información y Turismo _93886 |
|
| 852 |
_aES-MaACL _jC-31817 |
||
| 999 |
_c57254 _d57254 |
||